00677nam a2200205Ia 4500003000900000008004100009020001600050040001600066080001600082100002800098245006200126260002600188300001300214490003000227650004100257650002200298942000700320999001500327952012900342IN-BaIIA211028s9999 xx 000 0 eng d a471-83990-6 cIIA Library a521.03bSWI aSwihart, Thomas L95857 0aAstrophysics and stellar astronomycThomas L. Swihart  aNew YorkbWileyc1968 ax, 299p. aSpace science text series aAstronomy and astrophysics thesaurus aAstrophysics9794 cBK c3293d3293 00104070aBANbBANcGENd1969-09-23g67.16l1o521.03/ SWIp3657r2023-05-29s2023-05-26v67.16w1969-09-23yBKGRs. 67.16